000 00990nam a22002177a 4500
005 20251108174559.0
008 250721s2008 xx 000 0 ara d
082 1 4 _a616.025/زيد
100 1 _aفراج، رامي
_eمشرف
245 1 0 _aالإنعاش القلبي الرئوي واستخدام جهاز الصدمات الكهربائي الخارجي (التلقائي)لحالات توقف القلب المفاجئ للمنقذين من ذوي المهن الطبية والغير طبية /
264 1 _aعمان :
_bدار تسنيم للنشر والتوزيع،
_c(2008).
300 _a128p.
500 _aالكتاب نصفين الاول عربي و الثاني انجليزي
650 1 7 _aالاسعاف الاولي
650 1 7 _aتوقف القلب
650 1 7 _aامراض القلب
700 1 _aأبو زيد، راتب احمد محمد
_eمؤلف
700 1 _aالحليق، سامر علي حسين
_eمؤلف
942 _2ddc
_cBK
999 _c112769
_d112769